Un siglo después de Darwin : El origen del hombre
Salvato in:
| Autore principale: | |
|---|---|
| Natura: | Libro |
| Lingua: | spagnolo |
| Pubblicazione: |
Alianza.
1966.
|
| Soggetti: | |
| Tags: |
Aggiungi Tag
Nessun Tag, puoi essere il primo ad aggiungerne!!
|
MARC
| LEADER | 00000nam a22000005a 4500 | ||
|---|---|---|---|
| 001 | 4808 | ||
| 003 | CL-ChBUA | ||
| 005 | 20120815102902.0 | ||
| 008 | 070301s1966 sp 000 0dspa | ||
| 040 | |a CL-ChBUA |c CL-ChBUA | ||
| 082 | 0 | 0 | |a 575.01 |
| 090 | |c 4808 |d 4808 | ||
| 100 | 1 | |a Barnett, S.A. | |
| 245 | 1 | 0 | |a Un siglo después de Darwin : |b El origen del hombre |
| 260 | |b Alianza. |c 1966. | ||
| 300 | |a 226 p. |c 18 cm. | ||
| 504 | |a Bibl., índice. | ||
| 650 | 4 | |a EVOLUCION. | |
| 942 | |c LIB | ||
| 952 | |0 0 |1 0 |4 0 |7 0 |9 7116 |a UNACH |b UNACH |c 500 |d 2007-03-05 |i 6.303. |l 0 |o 575.01 / B 259. c.1 |p 8115 |r 2019-03-18 00:00:00 |u 7116 |w 2012-08-08 |y LIB |k 575.01 / B 259. c.1 | ||
| 952 | |0 0 |1 0 |4 0 |7 0 |9 7117 |a UNACH |b UNACH |c 500 |d 2007-03-05 |i 6.304. |l 1 |o 575.01 / B 259. c.2 |p 8116 |r 2025-12-10 08:59:29 |s 2014-11-05 |u 7117 |w 2012-08-08 |y LIB |k 575.01 / B 259. c.2 | ||
| 952 | |0 0 |1 0 |4 0 |7 0 |9 7118 |a UNACH |b UNACH |c 500 |d 2007-03-05 |i 10.090. |l 0 |o 575.01 / B 259. c.3 |p 8117 |r 2019-03-18 00:00:00 |u 7118 |w 2012-08-08 |y LIB |k 575.01 / B 259. c.3 | ||
| 999 | |c 4808 |d 4808 | ||